Statistics for The F1 Quiz

Click here to take the quiz!

General Stats

  • This quiz has been taken 74 times
  • The average score is 13 of 15

Answer Stats

QuestionAnswer% Correct
Which one of these is sir Lewis Hamilton?
95%
Who was the 2022 championship?Max Verstappen
95%
How many world titles has Michael Schumacher won?7
94%
What drink do the drivers celebrate with on the podium?Champagne
92%
What does DRS stand for?Drag Reduction System
92%
Who is the team principal of Mercedes AMG?Totto Wolf
92%
Which tyres are used when it is raining?Intermediate
89%
Where does the most famous Grand Prix take place?Monaco
89%
Who beat Lewis Hamilton in equal machinery in 2016?Nico Rosberg
83%
What year did the first Grand Prix take place?1950
82%
Who has more championships?Alain Prost
82%
How many drivers make it into Q3 (last stage of qualifying)?10
80%
Which one of these are the soft tyres?
78%
Which is the longest track in F1?SPA (Belgium)
75%
Who is the youngest Drivers Champion?Sebastian Vettel
63%

Score Distribution

Percentile by Number Answered

Percent of People with Each Score

Your Score History

You have not taken this quiz